[Event "Terrassa op-B"]
[Site "Terrassa"]
[Date "1996.??.??"]
[Round "5"]
[White "Flores Garcia, Xavier"]
[Black "Wasmer Maza, L."]
[Result "1-0"]
[WhiteElo "1800"]
[BlackElo "1795"]
[PlyCount "59"]
[EventDate "1996.07.??"]
[EventType "swiss"]
[EventRounds "9"]
[EventCountry "ESP"]
[SourceTitle "EXT 2002"]
[Source "ChessBase"]
[SourceDate "2001.11.25"]
[SourceVersion "1"]
[SourceVersionDate "2001.11.25"]
[SourceQuality "1"]

1. e4 e5 2. c3 Nc6 3. Bb5 Be7 4. d4 exd4 5. cxd4 a6 6. Ba4 b5 7. Bc2 Nf6 8. Nf3 d6 9. a3 Bg4 10. Nc3 Bxf3 11. gxf3 Qd7 12. d5 Ne5 13. Be3 Nc4 14. Bc1 Qh3 15. b3 Ne5 16. f4 Nf3+ 17. Ke2 Nxh2 18. Be3 Nfg4 19. Qd3 Bh4 20. Qd4 Qf3+ 21. Kd2 Bf6 22. Qd3 0-0 23. Rag1 a5 24. Nxb5 Nxf2 25. Bxf2 Qxf2+ 26. Kd1 Qxf4 27. Nxc7 Rac8 28. Nb5 Qf2 29. e5 Bxe5 30. Qxh7# 1-0